=LDR 00000nam 2200000 4500 =001 INLIS000000000060333 =005 20220124070908 =035 ##$$a 0010-0122000269 =007 ta =008 220124###########################0#ind## =082 ##$$a 004 =084 ##$$a 004 Pen p =245 ##$$a Pengenalan Komputer & Portal Lain =300 ##$$a v,77 halaman : $b Ilustrasi ; $c 21 cm. =650 #4$$a Komputer =264 ##$$a jakarta :$b Lembaga Informasi Nasional,$c 2002 =336 ##$$a teks$2 rdacontent =337 ##$$a lain-lain$2 rdamedia =338 ##$$a lain-lain$2 rdacarrier =990 ##$$a 03610361